| 000 | 00785cam a2200229 4500 | ||
|---|---|---|---|
| 008 | 011210n1998 000 0 eng u | ||
| 020 | _a0860225054 | ||
| 035 | _a(Sirsi) u115919 | ||
| 050 | 0 | 4 | _a693.97 $2 18 |
| 100 | 1 | _aWilson, D. | |
| 245 | 0 | 0 |
_aPrefabrication and preassembly _bapplying the techniques to building engineering services |
| 260 |
_aBracknell _bBSRIA _c1998 |
||
| 300 |
_avi, 149p. _bill. _c30cm. |
||
| 350 | _a99 | ||
| 490 | 0 |
_aBSRIA Advanced Construction Techniques _vACT 1/99 |
|
| 520 | _aContains the finding of a research project into the succesful application of prefabrication and preassembly techniques to M&E services. | ||
| 651 | 4 |
_aUnited Kingdom _y |
|
| 690 |
_aBlock management _96220 |
||
| 700 | 1 | _aSmith, M. | |
| 700 | 1 | _aDeal, J. | |
| 942 | _n0 | ||
| 999 |
_c101800 _d101800 |
||